| 000 | 00367nam a2200133Ia 4500 | ||
|---|---|---|---|
| 005 | 20260328101522.0 | ||
| 008 | 260328s9999||||xx |||||||||||||| ||und|| | ||
| 100 | _aMason, Joseph B. | ||
| 245 | 0 |
_a82 Distintive Houses from Architectural Record / _cJoseph B. Mason |
|
| 260 | _bDodge Corporation | ||
| 300 | _a442 p. | ||
| 650 | _aARQUITECTURA RESIDENCIAL | ||
| 942 | _cBK | ||
| 999 |
_c9638 _d9638 |
||